| 000 | 00841nam a2200229 a 4500 | ||
|---|---|---|---|
| 001 | 47612 | ||
| 003 | BD-RjUL | ||
| 005 | 20211209054343.0 | ||
| 008 | 160809s2007 bg ||||| b||| 00| 0 ben d | ||
| 020 |
_a9840745697 _c: Tk. 60.00 |
||
| 035 | _a(BD-RjUL)47731 | ||
| 040 |
_aBD-RjUL _bben _cBD-RjUL |
||
| 041 | _aben | ||
| 082 |
_a401.93 _bHAV 2007 |
||
| 100 |
_aহক, মহাম্মদ দানীউল _9144691 |
||
| 245 | 1 | 0 |
_aভাষা আয়ত্তকরণ ও শিখন : _bপ্রাথমিক ধারনা / _cমহাম্মদ দানীউল হক |
| 260 |
_aঢাকা : _bবাংলা একাডেমী, _c২০০৭ |
||
| 300 |
_a৯২ পৃ. ; _c১৯ সেমি. |
||
| 650 |
_aভাষা অর্জন _9144692 |
||
| 650 |
_aLanguage acquisition _9144693 |
||
| 942 |
_2ddc _cBK |
||
| 999 |
_c47612 _d47612 |
||